000
00320nam a22001337a 4500
008
180109b xxu||||| |||| 00| 0 eng d
020
_a
063200052
041
_a
eng
080
_a
574
100
_a
9
101
_a
MJE
245
_a
INTRODUCTION PRINCIPLES AND PRACTICE SOI; SCIENCE
_c
WHITE..R.E
942
_2
udc
_c
BK
999
_c
39929
_d
39929